UBT Library

Perspectives on implementation : (Record no. 44877)

000 -LEADER
fixed length control field 00882cam a2200277 a 4500
001 - CONTROL NUMBER
control field 1137525
005 - DATE AND TIME OF LATEST TRANSACTION
control field 20180313055020.0
008 - FIXED-LENGTH DATA ELEMENTS--GENERAL INFORMATION
fixed length control field 940720s1994 vau b 000 0 eng d
010 ## - LIBRARY OF CONGRESS CONTROL NUMBER
LC control number 94227605
020 ## - INTERNATIONAL STANDARD BOOK NUMBER
International Standard Book Number 1565450426
035 ## - SYSTEM CONTROL NUMBER
System control number (OCoLC)30798140
040 ## - CATALOGING SOURCE
Original cataloging agency MdU
Transcribing agency MdU
Modifying agency DLC
041 ## - LANGUAGE CODE
Language code of text/sound track or separate title eng
042 ## - AUTHENTICATION CODE
Authentication code lccopycat
043 ## - GEOGRAPHIC AREA CODE
Geographic area code n-us---
080 ## - UNIVERSAL DECIMAL CLASSIFICATION NUMBER
Universal Decimal Classification number 37 BOS
082 ## - DEWEY DECIMAL CLASSIFICATION NUMBER
Classification number 37 BOS
100 ## - Rafti
Rafti 25
101 ## - Shkurtesa
Shkurtesa EDU
245 00 - TITLE STATEMENT
Title Perspectives on implementation :
Statement of responsibility, etc edited by Bruce O. Boston.
504 ## - BIBLIOGRAPHY, ETC. NOTE
Bibliography, etc Includes bibliographical references (p. 107-109).
740 0# - ADDED ENTRY--UNCONTROLLED RELATED/ANALYTICAL TITLE
Uncontrolled related/analytical title Arts education standards for America's students.
906 ## - LOCAL DATA ELEMENT F, LDF (RLIN)
a 7
b cbc
c copycat
d 3
e ncip
f 19
g y-gencatlg
942 ## - ADDED ENTRY ELEMENTS (KOHA)
Source of classification or shelving scheme
Item type Books
Holdings
Withdrawn status Lost status Source of classification or shelving scheme Damaged status Not for loan Collection code Permanent location Current location Shelving location Date acquired Total Checkouts Full call number Barcode Date last seen Price effective from Koha item type
          Koleksioni i përgjithshem UBT - Lipjan UBT - Lipjan Koleksioni i përgjithshem 03/13/2018   37 BOS 002-3002117 03/13/2018 03/13/2018 Books
UBT Library © 2015-2024. All rights reserved University Education for Business and Technology